000 00830nam a2200241 i 4500
001 bg
100 1 _aHEERMANN, Dieter W.
245 1 0 _aPodstawy symulacji komputerowych /
_cDieter W. Heermann ; z ang. przeĊ‚. Antoni Adamczyk.
246 _iTyt. oryg.:
_aComputer simulation methods in theoretical physics
260 _aWarszawa :
_bWydawnictwa Naukowo-Techniczne,
_c1997.
300 _a173, [1] s. :
_bwykr. ;
_c24 cm +
_edyskietka.
500 _aTyt. oryg.: "Computer simulation methods in theoretical physics" 1990.
504 _aBibliogr. s. 162-167.
650 9 _aFizyka
_xmetody
650 9 _aSymulacja
_xstosowanie
_xfizyka
020 _a8320420474
040 _cBPK
041 1 _apl
_hen
080 _a004.94:519.21:531/534
920 _a83-204-2047-4
942 _cKS
008 s pl f |000 0 pol
999 _c35804
_d35804
856 _uhttp://koha.tu.koszalin.pl/cgi-bin/koha/opac-detail.pl?biblionumber=35804
_yKatalog online BPK